000 00364nam a22001457a 4500
003 LK-CoDNM
005 20240903095720.0
008 240903b |||||||| |||| 00| 0 eng d
040 _aLK-CoDNM
_dLK-CoDNM
_eLK-CoDNM
080 _bGP1951
245 _aSessonal Pepaer Ceylon
260 _aColombo
_bGoverment press
_c1951
300 _b1054p. : 24 cm
942 _cBK
999 _c150522
_d150522